书目信息 |
| 题名: |
《礼记》卷
|
|
| 作者: | 刘金波 著 | |
| 分册: | ||
| 出版信息: | 武汉 武汉大学出版社 2009.12 |
|
| 页数: | 277页 | |
| 开本: | 24cm | |
| 丛书名: | 中国古代文论范畴发生史 | |
| 单 册: | ||
| 中图分类: | I206.2 , K892.9 | |
| 科图分类: | ||
| 主题词: | 古典文学--gu dian wen xue--文学理论--中国 | |
| 电子资源: | ||
| ISBN: | 978-7-307-07378-4 | |
| 000 | 01162nam 2200289 450 | |
| 001 | 012010320526 | |
| 005 | 20100413155745.35 | |
| 010 | @a978-7-307-07378-4@dCNY32.50 | |
| 100 | @a20100413d2009 em y0chiy0120 ea | |
| 101 | 0 | @achi |
| 102 | @aCN@b420000 | |
| 105 | @ay z 000yy | |
| 106 | @ar | |
| 200 | 1 | @a《礼记》卷@A《li ji》juan@e礼以节情乐以和发@f刘金波著@Fliu jin bo zhu |
| 210 | @a武汉@c武汉大学出版社@d2009.12 | |
| 215 | @a277页@d24cm | |
| 225 | 2 | @a中国古代文论范畴发生史@Azhong guo gu dai wen lun fan chou fa sheng shi |
| 300 | @a本书受武汉大学人文社会科学重点研究基地汉语言文学典籍整理与研究中心资助 本卷课题受湖北省社科基金项目“《礼记》文论发生及流变研究”资助 | |
| 330 | @a这套书以发生学之方法研究先秦典籍中的文论关键词,旨在开启中国文论之枢机,进而真实而深刻地把握中国文论异于异于西方文论的独有之“神”与“貌”。 | |
| 410 | 0 | @12001 @a中国古代文论范畴发生史 |
| 517 | 1 | @a礼以节情乐以和发@Ali yi jie qing yue yi he fa |
| 606 | 0 | @a古典文学@Agu dian wen xue@x文学理论@y中国 |
| 690 | @aI206.2@v4 | |
| 690 | @aK892.9@v4 | |
| 701 | 0 | @a刘金波@Aliu jin bo@4著 |
| 801 | 0 | @aCN@bQSSK@c20100413 |
| 905 | @b778038-40@dI206.2@eL630@f3 | |
| 《礼记》卷:礼以节情乐以和发/刘金波著.-武汉:武汉大学出版社,2009.12 |
| 277页;24cm.-(中国古代文论范畴发生史) |
| 本书受武汉大学人文社会科学重点研究基地汉语言文学典籍整理与研究中心资助 本卷课题受湖北省社科基金项目“《礼记》文论发生及流变研究”资助 |
| ISBN 978-7-307-07378-4:CNY32.50 |
| 这套书以发生学之方法研究先秦典籍中的文论关键词,旨在开启中国文论之枢机,进而真实而深刻地把握中国文论异于异于西方文论的独有之“神”与“貌”。 |
| ● |
| 相关链接 |
|
|
|
正题名:《礼记》卷
索取号:I206.2/L630
 
预约/预借
| 序号 | 登录号 | 条形码 | 馆藏地/架位号 | 状态 | 备注 |
| 1 | 778038 | 207780383 | 文学库108/108文学库 5排3列1层/ [索取号:I206.2/L630] | 在馆 | |
| 2 | 778039 | 207780392 | 文学库108/108文学库 5排3列1层/ [索取号:I206.2/L630] | 在馆 | |
| 3 | 778040 | 207780409 | 文学库108/400B社科库 29排2列1层/ [索取号:I206.2/L630] | 在馆 |